00832nam a2200193 a 4500003000200000005001700002008004100019050003100060100003300091245012100124260009200245300004500337504004100382650002400423650004700447650004700494650005400541650004300595020250331100358.0050809s19uu xx 00 eng d aPGS ML 3830.7b.Aq657 2005 aAquino, "Adelle" Adelaida V. aThe effects of mellow music on the academic performance of the lower school students /cAdelaida "Adelle" V. Aquino. aLas Piñas City, Philippines : bSouthville International School and Colleges,c2005. a28 pages : billustrations ; c28 cm.  aIncludes bibliographical references. aMusic and learning. aMusic in educationvEffects on students.  aCognitive developmentvInfluence of music. aAcademic performancevImpact of background music. aChildrenvEffect of music on learning.